000 00911nam a2200217Ia 4500
003 BUBTL
008 151213s9999 xx 000 0 und d
020 _a984300000890
082 _a343.052/ T21i/ 2007
100 _aতৈয়ব, ডঃ এ. এস. এম. হোসেন
_94311
245 _aIncome Tax Ordinance 1984, & Income Tax Manual (Part- 1)
_b ডঃ এ. এস. এম. হোসেন তৈয়ব
250 _a1st
260 _aDhaka
_bসেন্ট্রাল ল’ বুক হাউস
_cc2007
300 _a[xxv], 508p . :
_c21.5 cm.
650 _aLaw
650 _aLaw
_94312
700 _a ডঃ এ. এস. এম. হোসেন তৈয়ব, এ. এ. এম. মনিরুজ্জামান এবং আজহারুল ইসলাম
_94313
856 _k0
_l0
_yDownload
942 _2ddc
_cBK
999 _c3136
_d3136